Language Quiz

Random Language or Letter Quiz

Constant Consonants (H-J-K) Quiz Stats

Quiz Updated Sep 14, 2015

Challenge
Share
Tweet
Embed
Score 0/24 Timer 05:00
1 Play Today
Clue (Letter-Length) Answer % Correct
That fellow (H-2)He
96.6%
Gardening tool (H-3)Hoe
96.1%
Korean car manufacturer (K-3)Kia
88.9%
State with Akron and Toledo (H-4)Ohio
88.5%
Large Swedish home furnishing retailer (K-4)IKEA
87.2%
Sturdy tree with acorns (K-3)Oak
87.1%
Typical 'average' male (J-3)Joe
86.9%
Stereotypical Canadian interjection (H-2)Eh
85.5%
Timid exclamation when confronted by a mouse? (K-3)Eek
84.7%
Word to shout if your suspicions are confirmed (H-3)Aha
81.3%
Word with Alai or Ho (J-3)Jai
72.9%
Honolulu's island (H-4)Oahu
72.9%
Clue (Letter-Length) Answer % Correct
To barely scrape by (K-3)Eke
69.2%
Beatles 'Get Back' man thought he was a loner (J-4)Jojo
60.2%
'Don't Go Breaking My Heart' songstress Dee (K-4)Kiki
57.1%
Serpentine antagonist of 'The Jungle Book' (K-3)Kaa
55.7%
Shade (H-3)Hue
53.8%
Lunatic (K-4)Kook
53.5%
Merle Haggard's '____ From Muskogee' (K-4)Okie
52.3%
Blues singer Taylor, or sign-language gorilla (K-4)Koko
51.9%
Move quickly (H-3)Hie
47.7%
West African charm or amulet (J-4)Juju
36.8%
Hawaiian 'Garden Isle' (K-5)Kauai
34.2%
Turfed ditch faced with a retaining wall (H-4)Ha-ha
14.9%

You're not logged in!

Compare scores with friends on all Sporcle quizzes.
Sign Up with Email
OR
Log In

You Might Also Like...

Show Comments

Extras

Top Quizzes Today


Score Distribution

Your Account Isn't Verified!

In order to create a playlist on Sporcle, you need to verify the email address you used during registration. Go to your Sporcle Settings to finish the process.